000 00931cam a2200241 i 4500
003 SA-RiAUC
005 20250522055718.0
008 250521s1988 ua g b 00000 ara c
040 _aSA-JeALM
_bara
_cSA-RiAUC
_erda
082 0 4 _a252.5
_qSA-RiAUC
090 _a252.5
_bص و ا
100 1 _aالصواف، محمد محمود،
_d1915-1992
_eمؤلف.
245 1 2 _aالحج في الإسلام /
_cمحمد محمود الصواف.
264 1 _aبيروت :
_bدار الكتب النفيس للطبع والنشر والتوزيع،
_c1988
300 _a206 صفحة ؛
_c16 سم
336 _aنص
_btxt
_2rdacontent
_3كتاب
337 _aبدون وسيط
_bn
_2rdamedia
338 _aمجلد
_bnc
_2rdacarrier
504 _aيشتمل على إرجاعات ببليوجرافية.
650 7 _aالحج (فقه إسلامي)
_xمناسك
_2aucsh
942 _2ddc
_cBOOK
_n0
949 _aSA-JeALM
_d250521
_umohamedma123
_n1
999 _c8239
_d8239